000
00336nam a22001457a 4500
008
221117b ||||| |||| 00| 0 eng d
020
_a
9780071376921
041
_a
eng
080
_2
SECOND EDITION
_a
159.9
082
_a
159.9PRE
100
_a
25
101
_a
PSI
245
_a
THERAPEUTIC MODALITIES
_c
PRENTICE W
942
_2
udc
_c
BK
999
_c
58921
_d
58921